[Event "NOR-chT Club"]
[Site "Kristiansund"]
[Date "2017.10.21"]
[Round "4.7"]
[White "Risting, Eivind Olav"]
[Black "Lundeby, Oyvind Andersen"]
[Result "1/2-1/2"]
[WhiteElo "2335"]
[BlackElo "2155"]
[PlyCount "107"]
[EventDate "2017.10.20"]
[EventType "team-tourn"]
[EventRounds "6"]
[EventCountry "NOR"]
[SourceTitle "CBM 181 Extra"]
[Source "ChessBase"]
[SourceDate "2017.12.12"]
[SourceVersion "1"]
[SourceVersionDate "2017.12.12"]
[SourceQuality "1"]
[WhiteTeam "Oslo SK 1911"]
[BlackTeam "Hell"]
[WhiteTeamCountry "NOR"]
[BlackTeamCountry "NOR"]

1. d4 e6 2. c4 b6 3. Nf3 Bb7 4. a3 f5 5. g3 Nf6 6. Bg2 Be7 7. Nc3 Ne4 8. Bd2 Bf6 9. 0-0 0-0 10. Rc1 d6 11. d5 Nxc3 12. Bxc3 Bxc3 13. Rxc3 e5 14. Qd2 h6 15. e4 fxe4 16. Nh4 Qg5 17. Qe2 Nd7 18. Bxe4 Nf6 19. Bc2 Rae8 20. Ng6 Rf7 21. h4 Qg4 22. Qxg4 Nxg4 23. f3 Nf6 24. Kg2 Bc8 25. Re3 Bd7 26. Rfe1 c6 27. dxc6 Bxc6 28. Kg1 Rd8 29. Rd1 Ne8 30. Nxe5 Rc7 31. Nxc6 Rxc6 32. Ba4 Rcc8 33. Bxe8 Rxe8 34. Rxe8+ Rxe8 35. Rxd6 Re2 36. Rd7 a5 37. b4 Re3 38. bxa5 bxa5 39. c5 Rxa3 40. c6 Rc3 41. c7 Kh7 42. Kg2 h5 43. Rd5 Kh6 44. Rxa5 Rxc7 45. Ra6+ g6 46. Ra3 Kg7 47. g4 hxg4 48. fxg4 Rb7 49. Kg3 Rc7 50. Ra4 Rf7 51. g5 Rb7 52. Kg4 Rc7 53. h5 gxh5+ 54. Kxh5 1/2-1/2

[Event "Brno Tespo Eng"]
[Site "Brno"]
[Date "2009.07.01"]
[Round "8"]
[White "Lundeby, Oyvind Andersen"]
[Black "Bagrationi, Alexander"]
[Result "0-1"]
[WhiteElo "2213"]
[BlackElo "2370"]
[PlyCount "76"]
[EventDate "2009.06.26"]
[EventType "tourn"]
[EventRounds "11"]
[EventCountry "CZE"]
[EventCategory "1"]
[SourceTitle "CBM 131 Extra"]
[Source "ChessBase"]
[SourceDate "2009.09.03"]
[SourceVersion "2"]
[SourceVersionDate "2009.09.16"]
[SourceQuality "1"]

1. e4 e6 2. d4 d5 3. e5 c5 4. c3 Nc6 5. Nf3 Qb6 6. a3 Bd7 7. b4 cxd4 8. cxd4 Rc8 9. Be2 Nge7 10. Be3 Nf5 11. 0-0 Be7 12. Qd3 a6 13. Rc1 0-0 14. Nbd2 Nb8 15. Nb3 Bb5 16. Qd2 Nxe3 17. fxe3 Bxe2 18. Qxe2 Qa7 19. Rc2 b6 20. Rac1 Qb7 21. Qd2 Rc6 22. Rxc6 Nxc6 23. Rc2 Rc8 24. Qc1 Na7 25. Rxc8+ Qxc8 26. Qxc8+ Nxc8 27. Ne1 Kf8 28. Kf2 Ke8 29. Nd3 Na7 30. Ke1 Nb5 31. a4 Na3 32. a5 Kd7 33. axb6 Kc6 34. Ndc5 Kxb6 35. Nd2 Nc2+ 36. Ke2 Nxb4 37. Nd3 Nxd3 38. Kxd3 Kb5 0-1

[Event "Brno Tespo Eng"]
[Site "Brno"]
[Date "2009.06.29"]
[Round "5"]
[White "Pakhomov, Alexey"]
[Black "Lundeby, Oyvind Andersen"]
[Result "1/2-1/2"]
[WhiteElo "2439"]
[BlackElo "2213"]
[PlyCount "50"]
[EventDate "2009.06.26"]
[EventType "tourn"]
[EventRounds "11"]
[EventCountry "CZE"]
[EventCategory "1"]
[SourceTitle "CBM 131 Extra"]
[Source "ChessBase"]
[SourceDate "2009.09.03"]
[SourceVersion "2"]
[SourceVersionDate "2009.09.16"]
[SourceQuality "1"]

1. d4 d5 2. Nf3 Nc6 3. Bf4 Bg4 4. e3 e6 5. h3 Bxf3 6. Qxf3 Bd6 7. Nd2 Bxf4 8. Qxf4 Qd6 9. Qxd6 cxd6 10. c3 Nf6 11. g4 Ke7 12. Bg2 h6 13. f4 Rac8 14. 0-0 Na5 15. e4 dxe4 16. Nxe4 Nxe4 17. Bxe4 d5 18. Bd3 Nc6 19. Kg2 Kd6 20. Rae1 Rce8 21. Kg3 Re7 22. Re3 Rhe8 23. h4 f6 24. Bb5 a6 25. Bd3 Rf8 1/2-1/2

[Event "Brno Tespo Eng"]
[Site "Brno"]
[Date "2009.06.28"]
[Round "4"]
[White "Lundeby, Oyvind Andersen"]
[Black "Pisk, Petr"]
[Result "1/2-1/2"]
[WhiteElo "2213"]
[BlackElo "2324"]
[PlyCount "80"]
[EventDate "2009.06.26"]
[EventType "tourn"]
[EventRounds "11"]
[EventCountry "CZE"]
[EventCategory "1"]
[SourceTitle "CBM 131 Extra"]
[Source "ChessBase"]
[SourceDate "2009.09.03"]
[SourceVersion "2"]
[SourceVersionDate "2009.09.16"]
[SourceQuality "1"]

1. e4 c5 2. c3 d5 3. exd5 Qxd5 4. d4 Nf6 5. Nf3 Bg4 6. dxc5 Qxd1+ 7. Kxd1 e5 8. b4 e4 9. h3 Bh5 10. g4 Nxg4 11. hxg4 Bxg4 12. Nbd2 Nc6 13. Rh4 Bxf3+ 14. Nxf3 exf3 15. Re4+ Be7 16. Kc2 a6 17. Bf4 0-0 18. Bd6 Bxd6 19. cxd6 Rfe8 20. Rxe8+ Rxe8 21. a4 g5 22. b5 axb5 23. axb5 Ne5 24. Ra7 Rb8 25. c4 Nd7 26. Bh3 Nc5 27. Bg4 Kg7 28. Bxf3 Kf6 29. Bd5 Ke5 30. d7 Rd8 31. Bxf7 Rxd7 32. Bd5 Rd8 33. Kd2 Kd4 34. Ke2 h5 35. Kf3 Rf8+ 36. Kg2 Rf4 37. Ra2 Rg4+ 38. Kh2 Rh4+ 39. Kg1 Rg4+ 40. Kh2 Rh4+ 1/2-1/2

[Event "Brno Tespo Eng"]
[Site "Brno"]
[Date "2009.06.26"]
[Round "1"]
[White "Borosova, Zuzana"]
[Black "Lundeby, Oyvind Andersen"]
[Result "1/2-1/2"]
[WhiteElo "2260"]
[BlackElo "2213"]
[PlyCount "65"]
[EventDate "2009.06.26"]
[EventType "tourn"]
[EventRounds "11"]
[EventCountry "CZE"]
[EventCategory "1"]
[SourceTitle "CBM 131 Extra"]
[Source "ChessBase"]
[SourceDate "2009.09.03"]
[SourceVersion "2"]
[SourceVersionDate "2009.09.16"]
[SourceQuality "1"]

1. e4 e6 2. d4 d5 3. Nc3 Nf6 4. Bg5 Bb4 5. e5 h6 6. Bd2 Bxc3 7. bxc3 Ne4 8. Qg4 Kf8 9. Bd3 Nxd2 10. Kxd2 Qg5+ 11. Qxg5 hxg5 12. g4 c5 13. Nf3 c4 14. Be2 f6 15. h4 gxh4 16. Nxh4 Kf7 17. f4 Nc6 18. Nf5 Rxh1 19. Nd6+ Kg8 20. Rxh1 fxe5 21. fxe5 b6 22. Rf1 Nd8 23. g5 Bd7 24. Bh5 Ba4 25. Nf7 Be8 26. Nh6+ gxh6 27. Bxe8 hxg5 28. Rg1 Kf8 29. Bh5 Rc8 30. Rxg5 Rc7 31. Rg2 Rg7 32. Rf2+ Ke7 33. Kc1 1/2-1/2

[Event "NOR-chT 0809"]
[Site "Norway"]
[Date "2008.11.07"]
[Round "1"]
[White "Lundeby, Oyvind Andersen"]
[Black "Aulin Jansson, Joran"]
[Result "1/2-1/2"]
[WhiteElo "2189"]
[BlackElo "2183"]
[PlyCount "136"]
[EventDate "2008.11.07"]
[EventType "tourn"]
[EventRounds "11"]
[EventCountry "NOR"]
[SourceTitle "EXT 2010"]
[Source "ChessBase"]
[SourceDate "2010.11.25"]
[SourceVersion "1"]
[SourceVersionDate "2010.11.25"]
[SourceQuality "1"]

1. d4 Nf6 2. Bf4 g6 3. e3 Bg7 4. Nf3 d6 5. Be2 0-0 6. 0-0 c5 7. c3 b6 8. h3 Bb7 9. Nbd2 Nbd7 10. Qb1 Nh5 11. Bh2 e5 12. dxe5 dxe5 13. Nc4 e4 14. Nfd2 f5 15. a4 Bc6 16. Qc2 Kh8 17. Rfd1 Qe8 18. Nd6 Qe7 19. Bxh5 gxh5 20. N2c4 Ne5 21. Nxe5 Bxe5 22. Bxe5+ Qxe5 23. Qb3 Qg7 24. Qe6 Bd7 25. Qd5 Rab8 26. f4 exf3 27. Qxf3 Rf6 28. Rd2 Rg8 29. Rf1 Qg6 30. Qd5 Bxa4 31. Rxf5 Rxf5 32. Nxf5 Re8 33. Rf2 Bc6 34. Qd6 Qxd6 35. Nxd6 Rxe3 36. Nc8 Kg7 37. Nxa7 Re1+ 38. Kh2 Bd5 39. Nb5 Kg6 40. Rd2 Re5 41. Nd6 Kf6 42. Nb5 Bc6 43. Na3 b5 44. Nc2 h4 45. Kg1 Ke6 46. Kf2 Rf5+ 47. Ke1 Rg5 48. Kf1 Rg3 49. Ne1 Be4 50. Kf2 Ke5 51. Rd8 b4 52. cxb4 cxb4 53. Rd2 Kf5 54. Kf1 Ke5 55. Kf2 Rg6 56. Nd3+ Bxd3 57. Rxd3 Ke4 58. Rb3 Rb6 59. g3 Kd4 60. gxh4 Rf6+ 61. Ke2 Re6+ 62. Kd2 Kc4 63. Rg3 Rf6 64. b3+ Kd4 65. Rg4+ Kc5 66. Rg5+ Kd4 67. Rg4+ Kc5 68. Rg5+ Kd4 1/2-1/2

[Event "NOR-chT 0809"]
[Site "Norway"]
[Date "2008.11.07"]
[Round "5"]
[White "Simula, Leon"]
[Black "Lundeby, Oyvind Andersen"]
[Result "1-0"]
[WhiteElo "2062"]
[BlackElo "2189"]
[PlyCount "79"]
[EventDate "2008.11.07"]
[EventType "tourn"]
[EventRounds "11"]
[EventCountry "NOR"]
[SourceTitle "EXT 2010"]
[Source "ChessBase"]
[SourceDate "2010.11.25"]
[SourceVersion "1"]
[SourceVersionDate "2010.11.25"]
[SourceQuality "1"]

1. d4 d5 2. c4 c6 3. Nf3 Nf6 4. Nc3 e6 5. Bg5 Nbd7 6. e3 Qa5 7. Nd2 dxc4 8. Bxf6 Nxf6 9. Bxc4 Be7 10. 0-0 0-0 11. Nf3 Rd8 12. a3 c5 13. Qb3 a6 14. a4 cxd4 15. exd4 Qb4 16. Qa2 Qd6 17. Rad1 Nd5 18. Rfe1 Nxc3 19. bxc3 Bf6 20. Qb3 Rb8 21. Ne5 Bd7 22. Rb1 Bxe5 23. Rxe5 Bc6 24. a5 Rbc8 25. Rbe1 h6 26. Rxe6 fxe6 27. Rxe6 Qd5 28. Re5 Qxc4 29. Qxc4+ Bd5 30. Qd3 Re8 31. f4 Rxe5 32. dxe5 Bc6 33. f5 Bb5 34. Qd5+ Kh8 35. Qf7 Rd8 36. f6 Rd1+ 37. Kf2 gxf6 38. exf6 Rd2+ 39. Kg3 Rd7 40. Qg6 1-0

[Event "NOR-chT 0607"]
[Site "Oslo"]
[Date "2007.03.11"]
[Round "9"]
[White "Lundeby, Oyvind Andersen"]
[Black "Johansen, Terje"]
[Result "1/2-1/2"]
[WhiteElo "2233"]
[BlackElo "2267"]
[PlyCount "80"]
[EventDate "2006.11.10"]
[EventType "team-tourn"]
[EventRounds "9"]
[EventCountry "NOR"]
[SourceTitle "EXT 2008"]
[Source "ChessBase"]
[SourceDate "2007.11.25"]
[SourceVersion "1"]
[SourceVersionDate "2007.11.25"]
[SourceQuality "1"]

1. d4 f5 2. Nc3 d5 3. Bf4 e6 4. e3 Nf6 5. Bd3 Bd6 6. Nf3 0-0 7. 0-0 Nbd7 8. Ne2 b6 9. c4 Bb7 10. Rc1 Qe7 11. Qb3 Rab8 12. cxd5 Nxd5 13. Bxd6 cxd6 14. Bb5 Rfc8 15. Rxc8+ Rxc8 16. Bxd7 Qxd7 17. Rc1 Ba6 18. Rxc8+ Qxc8 19. Nc3 Nxc3 20. Qxc3 Qxc3 21. bxc3 Bc4 22. a3 Kf8 23. Nd2 Bd3 24. f3 Ke7 25. Kf2 Kd7 26. Ke1 g5 27. Kd1 Kc6 28. Kc1 Kb5 29. Kb2 d5 30. Kb3 a5 31. Kb2 Ka4 32. f4 g4 33. Nb3 h5 34. g3 Bc4 35. Nd2 Kb5 36. Kc2 Be2 37. Kc1 Ka4 38. Kb2 Bd3 39. Nb3 Bc4 40. Nd2 Bd3 1/2-1/2

[Event "NOR-chT 0607"]
[Site "Oslo"]
[Date "2007.01.14"]
[Round "6"]
[White "Hammer, Jon Ludvig"]
[Black "Lundeby, Oyvind Andersen"]
[Result "1-0"]
[WhiteElo "2360"]
[BlackElo "2233"]
[PlyCount "69"]
[EventDate "2006.11.10"]
[EventType "team-tourn"]
[EventRounds "9"]
[EventCountry "NOR"]
[SourceTitle "EXT 2008"]
[Source "ChessBase"]
[SourceDate "2007.11.25"]
[SourceVersion "1"]
[SourceVersionDate "2007.11.25"]
[SourceQuality "1"]

1. d4 e6 2. c4 Nf6 3. Nc3 d5 4. Nf3 Nbd7 5. cxd5 exd5 6. Bf4 c6 7. e3 Be7 8. h3 0-0 9. Bd3 Re8 10. 0-0 Nf8 11. Qc2 Ng6 12. Bh2 Bd6 13. Bxd6 Qxd6 14. Rab1 Qe7 15. b4 a6 16. a4 Ne4 17. b5 axb5 18. axb5 Ng5 19. Nxg5 Qxg5 20. f4 Qe7 21. Rbe1 Qb4 22. f5 Nf8 23. Nb1 Bd7 24. f6 g6 25. h4 Re6 26. Qf2 Qd6 27. h5 cxb5 28. Qh4 Ra6 29. Nc3 Ra3 30. hxg6 fxg6 31. Qh6 Rxf6 32. Nxd5 Rxf1+ 33. Rxf1 Rxd3 34. Nf6+ Kh8 35. Ne4 1-0

[Event "NOR-chT"]
[Site "Oslo"]
[Date "2006.06.07"]
[Round "1"]
[White "Lundeby, Oyvind Andersen"]
[Black "Gullaksen, Eirik Tvedt"]
[Result "1/2-1/2"]
[WhiteElo "2195"]
[BlackElo "2380"]
[PlyCount "37"]
[EventDate "2006.06.07"]
[EventType "team-tourn"]
[EventRounds "5"]
[EventCountry "NOR"]
[SourceTitle "CBM 112 Extra"]
[Source "ChessBase"]
[SourceDate "2006.07.14"]
[SourceVersion "1"]
[SourceVersionDate "2006.07.14"]
[SourceQuality "1"]

1. c4 g6 2. g3 Bg7 3. Bg2 d6 4. Nc3 e5 5. e4 Nc6 6. Nge2 Nge7 7. 0-0 0-0 8. d3 Be6 9. Nd5 f5 10. f3 Qd7 11. Be3 Rf7 12. Qd2 Raf8 13. Rac1 Nc8 14. b3 Nd8 15. exf5 Bxf5 16. d4 Nc6 17. Ndc3 exd4 18. Nxd4 Bh3 19. Nxc6 1/2-1/2

[Event "Brokstad Memorial"]
[Site "Norway"]
[Date "2003.??.??"]
[Round "2"]
[White "Lundeby, Oyvind Andersen"]
[Black "Reite, Jarle"]
[Result "1/2-1/2"]
[WhiteElo "2080"]
[BlackElo "2175"]
[PlyCount "100"]
[EventDate "2003.??.??"]
[EventType "swiss"]
[EventRounds "5"]
[EventCountry "NOR"]
[SourceTitle "EXT 2007"]
[Source "ChessBase"]
[SourceDate "2006.11.23"]
[SourceVersion "1"]
[SourceVersionDate "2006.11.23"]
[SourceQuality "1"]

1. d4 Nf6 2. Nf3 d6 3. c4 g6 4. Nc3 Bg7 5. e4 0-0 6. Be2 Nbd7 7. Bg5 h6 8. Bh4 e5 9. d5 a5 10. Nd2 Nc5 11. 0-0 Bd7 12. b3 g5 13. Bg3 b6 14. a3 Qe8 15. b4 Ncxe4 16. Ndxe4 Nxe4 17. Nxe4 f5 18. f3 fxe4 19. fxe4 Qg6 20. Bd3 h5 21. Bf2 g4 22. Be3 Bh6 23. Qd2 Rxf1+ 24. Rxf1 Bxe3+ 25. Qxe3 axb4 26. axb4 Ra3 27. Qf2 Qg7 28. Rd1 Ba4 29. Qb2 Qg5 30. Qd2 Qf4 31. g3 Qxd2 32. Rxd2 Ra1+ 33. Kf2 Bd1 34. Ke3 Bf3 35. Be2 Re1 36. Kf2 Rc1 37. Bxf3 gxf3 38. c5 dxc5 39. bxc5 Rxc5 40. d6 cxd6 41. Rxd6 b5 42. Kxf3 b4 43. Rb6 Rc3+ 44. Ke2 Rc2+ 45. Ke3 Rxh2 46. Rxb4 Rh3 47. Kf2 h4 48. gxh4 Rxh4 49. Rb5 Rxe4 50. Kf3 Re1 1/2-1/2

[Event "Brokstad Memorial"]
[Site "Norway"]
[Date "2003.??.??"]
[Round "1"]
[White "Monsoy, Arild Edin"]
[Black "Lundeby, Oyvind Andersen"]
[Result "1/2-1/2"]
[WhiteElo "1720"]
[BlackElo "2080"]
[PlyCount "61"]
[EventDate "2003.??.??"]
[EventType "swiss"]
[EventRounds "5"]
[EventCountry "NOR"]
[SourceTitle "EXT 2007"]
[Source "ChessBase"]
[SourceDate "2006.11.23"]
[SourceVersion "1"]
[SourceVersionDate "2006.11.23"]
[SourceQuality "1"]

1. d4 Nf6 2. Nf3 b6 3. Bf4 Bb7 4. Nbd2 g6 5. h3 Bg7 6. e3 0-0 7. Bc4 d6 8. 0-0 Nbd7 9. Qe2 Qe8 10. c3 e5 11. Bh2 Qe7 12. Qd1 h6 13. Qc2 Kh8 14. dxe5 dxe5 15. e4 Nh5 16. b4 Nf4 17. Rfe1 a5 18. a3 h5 19. h4 Bf6 20. Bg3 Rfd8 21. Rad1 Nf8 22. Bxf4 exf4 23. e5 Bg7 24. Ng5 Bd5 25. Bxd5 Rxd5 26. Ndf3 Rxd1 27. Rxd1 axb4 28. axb4 Ne6 29. Qe4 Re8 30. Nxe6 Qxe6 31. Ng5 1/2-1/2